The Iraq war : (Record no. 5875)
[ view plain ]
| 000 -LEADER | |
|---|---|
| fixed length control field | 01276cam a22003014a 4500 |
| 001 - CONTROL NUMBER | |
| control field | 13269645 |
| 005 - DATE AND TIME OF LATEST TRANSACTION | |
| control field | 20240408094158.0 |
| 008 - FIXED-LENGTH DATA ELEMENTS--GENERAL INFORMATION | |
| fixed length control field | 030710s2003 mauabf b 001 0 eng |
| 010 ## - LIBRARY OF CONGRESS CONTROL NUMBER | |
| LC control number | 2003056668 |
| 020 ## - INTERNATIONAL STANDARD BOOK NUMBER | |
| International Standard Book Number | 0674012801 (alk. paper) |
| 040 ## - CATALOGING SOURCE | |
| Original cataloging agency | DLC |
| Transcribing agency | DLC |
| Modifying agency | DLC |
| 042 ## - AUTHENTICATION CODE | |
| Authentication code | pcc |
| 043 ## - GEOGRAPHIC AREA CODE | |
| Geographic area code | n-us--- |
| -- | ap----- |
| -- | a-iq--- |
| 050 00 - LIBRARY OF CONGRESS CALL NUMBER | |
| Classification number | DS79.76 |
| Item number | .M87 2003 |
| 082 00 - DEWEY DECIMAL CLASSIFICATION NUMBER | |
| Classification number | DRef 956.7044230973 |
| Edition number | 2003 |
| Item number | M96i |
| 100 1# - MAIN ENTRY--PERSONAL NAME | |
| Personal name | Murray, Williamson. |
| 9 (RLIN) | 56365 |
| 245 14 - TITLE STATEMENT | |
| Title | The Iraq war : |
| Remainder of title | a military history / |
| Statement of responsibility, etc. | Williamson Murray and Robert H. Scales, Jr. |
| 260 ## - PUBLICATION, DISTRIBUTION, ETC. (IMPRINT) | |
| Place of publication, distribution, etc. | Cambridge, Mass. : |
| Name of publisher, distributor, etc. | Belknap Press of Harvard University Press, |
| Date of publication, distribution, etc. | c2003. |
| 300 ## - PHYSICAL DESCRIPTION | |
| Extent | 312 pages : |
| Other physical details | color illustrations ; |
| Dimensions | 22 cm. |
| 504 ## - BIBLIOGRAPHY, ETC. NOTE | |
| Bibliography, etc | Includes bibliographical references and index. |
| 650 #0 - SUBJECT ADDED ENTRY--TOPICAL TERM | |
| Topical term or geographic name as entry element | Iraq War, 2003-2011. |
| 9 (RLIN) | 56366 |
| 651 #0 - SUBJECT ADDED ENTRY--GEOGRAPHIC NAME | |
| Geographic name | United States |
| General subdivision | Armed Forces |
| -- | History |
| Chronological subdivision | 21st century. |
| 9 (RLIN) | 56367 |
| 700 ## - ADDED ENTRY--PERSONAL NAME | |
| Personal name | Scales, Robert H. |
| Dates associated with a name | 1944- |
| 9 (RLIN) | 17822 |
| Relator term | Author |
| 856 41 - ELECTRONIC LOCATION AND ACCESS | |
| Materials specified | Table of contents only |
| Uniform Resource Identifier | <a href="http://www.loc.gov/catdir/toc/fy0708/2003056668.html">http://www.loc.gov/catdir/toc/fy0708/2003056668.html</a> |
| 906 ## - LOCAL DATA ELEMENT F, LDF (RLIN) | |
| a | 7 |
| b | cbc |
| c | orignew |
| d | 1 |
| e | ocip |
| f | 20 |
| g | y-gencatlg |
| 942 ## - ADDED ENTRY ELEMENTS (KOHA) | |
| Source of classification or shelving scheme | Dewey Decimal Classification |
| Koha item type | Reference |
| Withdrawn status | Lost status | Source of classification or shelving scheme | Damaged status | Not for loan | Collection code | Home library | Current library | Date acquired | Source of acquisition | Total Checkouts | Full call number | Barcode | Date last seen | Price effective from | Koha item type |
|---|---|---|---|---|---|---|---|---|---|---|---|---|---|---|---|
| Dewey Decimal Classification | Reference | UM Digos College - LIC | UM Digos College - LIC | 04/23/2013 | Donated | DRef 956.7044230973 M96i 2003 | 22029 | 05/15/2025 | 11/23/2016 | Reference |
